<?xml version="1.0" encoding="UTF-8"?>
<marc:record xmlns:marc="http://www.loc.gov/MARC21/slim">
   <marc:leader>00000nam a2200000 a 4500</marc:leader>
   <marc:datafield ind1=" " ind2=" " tag="653">
      <marc:subfield code="a">Musik</marc:subfield>
   </marc:datafield>
   <marc:datafield ind1=" " ind2=" " tag="653">
      <marc:subfield code="a">Bilderbuch</marc:subfield>
   </marc:datafield>
   <marc:datafield ind1=" " ind2=" " tag="653">
      <marc:subfield code="a">Musikgeschichte</marc:subfield>
   </marc:datafield>
   <marc:datafield ind1=" " ind2=" " tag="653">
      <marc:subfield code="a">Mozart, Wolfgang Amadeus</marc:subfield>
   </marc:datafield>
   <marc:datafield ind1=" " ind2=" " tag="653">
      <marc:subfield code="a">Antolin Klasse-3</marc:subfield>
   </marc:datafield>
   <marc:datafield ind1="0" ind2="0" tag="245">
      <marc:subfield code="a">Amadeus und Pauline</marc:subfield>
   </marc:datafield>
   <marc:datafield ind1="0" ind2="0" tag="245">
      <marc:subfield code="b">Eine magische Reise mit W. A. Mozart (mit CD)</marc:subfield>
   </marc:datafield>
   <marc:datafield ind1=" " ind2="1" tag="264">
      <marc:subfield code="b">ars Edition</marc:subfield>
      <marc:subfield code="c">2006</marc:subfield>
   </marc:datafield>
   <marc:datafield ind1="1" ind2=" " tag="520">
      <marc:subfield code="a">Wer hätte gedacht, dass auf Paulines Dachboden ein Zauberklavier steht! Kaum spielt Pauline darauf die ersten magischen Noten, schon landet sie im Jahr 1761 in Salzburg und trifft dort den jungen Wolfgang Amadeus Mozart. Dieser freut sich über den außergewöhnlichen Besuch und die beiden werden Freunde. Mozart wird immer berühmter und lädt Pauline auf all seine aufregenden Reisen zu seinen Konzerten nach London, Paris und Rom ein. Sogar die Aufführung der "Zauberflöte" in Wien erleben sie gemeinsam. Die magische Zeitreise des Erfolgsautors Herbert Rosendorfer entführt Kinder in die Welt Mozarts und in die Welt der klassischen Musik. Mit Musik-CD und den schönsten Stücken von Mozart für "Einsteiger".</marc:subfield>
   </marc:datafield>
   <marc:datafield ind1="3" ind2=" " tag="024">
      <marc:subfield code="a">3760714838</marc:subfield>
   </marc:datafield>
</marc:record>
